000 01000 a2200229 4500
001 60187
005 20260407155853.0
008 260407a1987 arg spa d
003 AR-UNSa-BCEJYS
040 _aAR-UNSa-BCEJYS
_bspa
_cAR-UNSa-BCEJYS
080 _a352(460)
_xAdministración Municipal y Local de España
245 1 0 _aCreación, supresión y alteración de términos municipales
020 _a84-7088-442-5
264 1 _aMadrid :
_bInstituto de Estudios de Administración Local
_c1987
300 _a142 p.
_c21 cm.
505 _a1. Primera parte: planeamiento de la cuestión en el derecho histórico español contemporáneo - 2. Segunda parte: El régimen jurídico vigente – 3. Una experiencia relevante: la de la República Federal de Alemania – 4. Reflexión final: El papel determinante de las comunidades autónomas
041 _aspa
942 _cBK
590 _aniveau_biblio:m niveau_hierar:0
100 1 _aSosa Wagner, Francisco
700 1 _aMiguel García, Pedro de
999 _c6897
_d6897